Union Territories of India - Statistics

General Stats
  • This quiz has been taken 8 times
  • The average score is 3 of 8
Answer Stats
Hint Answer % Correct
ABCD Delhi
50%
ABCD Ladakh
50%
ABCD Lakshadweep
50%
ABCD Andaman and Nicobar
33%
ABCD Chandigarh
33%
ABCD Daman & Diu and Dadar & Nagar Haveli
33%
ABCD Jammu & Kashmir
33%
ABCD Puducherry
0%
No matching quizzes found
Score Distribution
Percent of People with Each Score
Percentile by Number Answered
Your Score History
You have not taken this quiz